| 000 | 00671nam a22001817a 4500 | ||
|---|---|---|---|
| 005 | 20251108172650.0 | ||
| 008 | 250721s2002 xx 000 0 ara d | ||
| 082 | 1 | 4 | _a323.119996047/بين |
| 100 | 1 | _aبينو، سعيد | |
| 245 | 1 | 0 |
_aالشيشان علاقاتهم مع روسيا والنفي الجماعي:لا ننسى...لا نبكي...لا نستكين : _bعدوان روسي مستمر وحرب 1994-1996 / |
| 264 | 1 |
_aعمان : _bالمكتبة الوطنية، _c2002. |
|
| 300 | _a287ص. | ||
| 650 | 1 | 7 | _aالشيشان |
| 650 | 1 | 7 | _aروسيا الإتحادية |
| 650 | 1 | 7 | _aإلتزامات المصلحة |
| 942 |
_2ddc _cBK |
||
| 999 |
_c85366 _d85366 |
||